Geboren in Brüssel - Statistiken

Allgemein
  • Dieses Quiz wurde 19 mal gespielt
    9 seit der letzten Aktualisierung
  • Das Durchschnittsergebnis liegt bei 5 aus 23
Antwortstatistiken
Hinweis Antwort % Korrekt
Präsidentin der EU-Komission und frühere Bundesverteidigungsministerin 1958 Ursula von der Leyen
88%
Sänger, "Alors on danse" "Papaoutai" 1985 Stromae
63%
britische Schauspielerin, Oscar-, Tony-, Emmy- und Grammy-Gewinnerin, "Frühstück bei Tiffany" 1929 Audrey Hepburn
50%
früherer König von Belgien und Eigentümer der Kolonie Belgisch-Kongo 1835 Leopold II.
50%
amtierender König von Belgien 1960 Philippe
50%
Von 1993 bis 2013 König von Belgien 1934 Albert II.
38%
Comiczeichner, "Tim und Struppi" 1907 Hergé
38%
Formel 1 Fahrer und zweifacher Vizeweltmeister 1945 Jacky Ickx
38%
Chansonnier und Schauspieler, "Ne me quitte pas" ""Amsterdam" 1929 Jacques Brel
38%
Nationalspieler, Real Sociedad San Sebastian (früher BVB und ManU) 1995 Adnan Januzaj
13%
DJ und Musikproduzent, "Are you with me" "Reality" 1993 Lost Frequencies
13%
Nationalspieler, Besiktas Istanbul (früher Chelsea, BVB und Crystal Palace) 1993 Michy Batshuayi
13%
Siebenkämpferin und zweifache Goldmedaillengewinnerin bei den olympischen Spielen 1994 Nafissatou Thiam
13%
früherer niederländischer Nationalspieler (Schalke 04) 1969 Youri Mulder
13%
französische Regisseurin, "Cleo- Mittwoch zwischen 5 und 7" "Vogelfrei" 1928 Agnès Varda
0%
Regisseurin, "Briefe von zu Haus" "Eine Couch in New York" 1950 Chantal Akerman
0%
Comiczeichner und Schöpfer von "Blake und Mortimer" 1904 E.P. Jacobs
0%
langjähriger IOC-Präsident 1876 Henri de Baillet-Latour
0%
Politiker und Friedensnobelpreisträger 1913 1854 Henri La Fontaine
0%
Schauspieler, "Brügge sehen...und sterben?" "Der Junge mit dem Fahrrad" 1981 Jérémie Renier
0%
Fußballer, VfB Stuttgart 1998 Orel Mangala
0%
Comiczeichner, "Die Schlümpfe" 1928 Peyo
0%
Comiczeichner und Schöpfer der Comicreihe "Le Chat" 1954 Philippe Geluck
0%
Keine übereinstimmenden Quizze gefunden
Verteilung der Resultate
Anzahl Personen mit jedem Resultat
Perzentil nach korrekt beantworteten Fragen
Ihre Resultats-Entwicklung
Sie haben dieses Quiz seit der letzten Aktualisierung nicht gespielt